000 00315 a2200121 4500
001 63264
082 _a005.133 SIE
090 _c37328
_d37328
100 _aSiegel, Charles
245 _aMastering Visual Foxpro 3 Sp Ed
_hEnglish
260 _aNew Delhi
_bBPB Publication New Delhi India
_c1996
300 _a1090p
942 _aCAE NUST
_k005.133 SIE
999 _c298337
_d298337